000 00651nam a22002417a 4500
003 UA-OsUOA
001 45764
007 ta
008 20111125b un ||||| |||| 00| 0 ukr d
100 _aДідок О.
090 _a94(477)
_bД50
942 _cBR
040 _aUA-OsUOA
_bukr
_cUA-OsUOA
_dUA-OsUOA
245 _aУкраїна і Жиди
300 _a54 с.
955 _a1
041 _aukr
080 _a94(477)
260 _c1968
650 7 _a9 Географія. Біографії. Історія
_2UDC
999 _c425866
_d425866